000
00258nam a2200097Ia 4500
001
714189
005
20250826162900.0
008
250824s9999 xx 000 0 und d
245
0
_a
YANAĞIMDA SOĞUK BİR BUSE
_c
MİNE SULTAN ÜNVER
260
_b
PORTAKAL YAYINLARI
999
_c
714189
_d
714189